| 000 | 00592nam a2200217Ia 4500 | ||
|---|---|---|---|
| 008 | 180523s9999 xx 000 0 und d | ||
| 020 | _a978-0-470-08951-4 | ||
| 050 | _aMAIN HF 5429.23 | ||
| 050 | _b.R53 2007 | ||
| 100 | _aRich, Jason R. | ||
| 245 | 4 | _aThe Unofficial guide to opening a franchise / | |
| 245 | 0 | _cJason R. Rich. | |
| 260 | _aNew Jersey : | ||
| 260 | _bWiley Publishing, | ||
| 260 | _c2007 | ||
| 300 | _a368 pages : | ||
| 300 | _c21 cm. | ||
| 500 | _aIncludes index. | ||
| 650 | _aFranchises (Retail trade). | ||
| 650 | _xNew business enterprises -- Management. | ||
| 999 |
_c357101 _d357101 |
||